|
|
|
|
| LEADER |
00874nam a22002537a 4500 |
| 001 |
28879 |
| 003 |
BD-DhAAL |
| 005 |
20150214110101.0 |
| 008 |
150214s2012 sw a|||| |||| 00| 0 eng d |
| 020 |
|
|
|a 9789185214693
|
| 040 |
|
|
|a BD-DhAAL
|c BD-DhAAL
|
| 082 |
|
|
|2 22
|a 338.9
|
| 245 |
|
|
|a Development dialogue, no. 61:
|b what next volume III /
|c Editor, Niclas Hallstrom
|
| 260 |
|
|
|a Uppsala :
|b Dag Hammarskjöld Foundation,
|c 2012
|
| 300 |
|
|
|a 351 p. :
|b ill. ;
|c 25 cm.
|
| 541 |
|
|
|e 28879
|
| 650 |
|
|
|a Economic development
|9 8351
|
| 650 |
|
|
|a Economic assistance
|9 8352
|
| 700 |
|
|
|a Niclas Hallstrom
|9 8353
|
| 710 |
|
|
|a Dag Hammarskjöld Foundation
|9 7078
|
| 852 |
|
|
|a Ayesha Abed Library
|
| 942 |
|
|
|2 ddc
|c BK
|
| 999 |
|
|
|c 33683
|d 33683
|
| 952 |
|
|
|0 0
|1 0
|2 ddc
|4 0
|6 338_900000000000000_DEV
|7 0
|9 52613
|a C3ER
|b C3ER
|c GEN
|d 2015-02-14
|l 0
|o 338.9 DEV
|p 3010028879
|r 2015-02-14
|t 1
|w 2015-02-14
|y BK
|